Sports: Clubs Français vainqueurs d'une Coupe d'Europe - Statistiques

Statistiques générales
  • Ce quiz a été pris 494 fois
    142 depuis la dernière actualisation
  • Le résultat moyen est 16 sur 25
Statistiques - réponses
Réponse % Correct
Olympique de Marseille
99%
OM Vitrolles
99%
Paris SG
99%
Stade Toulousain
90%
Union Bordeaux Bègles
88%
Stade Français
84%
RC Toulon
83%
Lyon OU
76%
Stade Rochelais
73%
Montpellier Handball
72%
Montpellier HR
72%
Paris Volley
71%
AS Monaco
67%
ASM Clermont Auvergne
63%
AS Montferrand
63%
CSP Limoges
52%
Section Paloise
52%
CA Brive
50%
Biarritz Olympique
46%
Tours VB
46%
AS Cannes
31%
Nanterre 92
27%
US Colomiers
19%
CS Bourgoin-Jallieu
18%
Narbonne Volley
16%
Aucun quiz correspondant
Distribution des résultats
% des personnes avec chaque résultat
Percentile par nombre de réponses
Votre historique - résultats
Vous n’avez pas pris ce quiz depuis la dernière actualisation